Detalles MARC
| 000 -CABECERA |
| campo de control de longitud fija |
02596nam a2200265 a 4500 |
| 001 - NÚMERO DE CONTROL |
| campo de control |
000038549 |
| 003 - IDENTIFICADOR DEL NÚMERO DE CONTROL |
| campo de control |
DO-SdBNP |
| 005 - FECHA Y HORA DE LA ÚLTIMA TRANSACCIÓN |
| campo de control |
20240305090729.0 |
| 007 - CAMPO FIJO DE DESCRIPCIÓN FÍSICA--INFORMACIÓN GENERAL |
| campo de control de longitud fija |
ta |
| 008 - DATOS DE LONGITUD FIJA--INFORMACIÓN GENERAL |
| campo de control de longitud fija |
100203s2008 dr a 000 0 spa d |
| 020 ## - NÚMERO INTERNACIONAL ESTÁNDAR DEL LIBRO |
| Número Internacional Estándar del Libro |
999343356X |
| 040 ## - FUENTE DE LA CATALOGACIÓN |
| Centro catalogador/agencia de origen |
DO-SdBNP |
| Lengua de catalogación |
spa |
| Centro/agencia transcriptor |
BNPHU |
| 049 ## - FONDOS LOCALES (OCLC) |
| Fondos de biblioteca |
BNPD |
| 082 #4 - NÚMERO DE LA CLASIFICACIÓN DECIMAL DEWEY |
| Número de clasificación |
972.93 |
| Número de documento/Ítem |
F825h, 2008 |
| Número de edición |
22 |
| 100 1# - ENTRADA PRINCIPAL--NOMBRE DE PERSONA |
| Nombre de persona |
Franco, Franklin J., |
| Fechas asociadas al nombre |
1936- |
| 9 (RLIN) |
34417 |
| 245 10 - MENCIÓN DE TÍTULO |
| Título |
Historia del pueblo dominicano / |
| Mención de responsabilidad, etc. |
Franklin Franco Pichardo. |
| 250 ## - MENCIÓN DE EDICIÓN |
| Mención de edición |
6a ed. |
| 260 ## - PUBLICACIÓN, DISTRIBUCIÓN, ETC. |
| Lugar de publicación, distribución, etc. |
Santo Domingo : |
| Nombre del editor, distribuidor, etc. |
Sociedad Editorial Dominicana, |
| Fecha de publicación, distribución, etc. |
2008. |
| 300 ## - DESCRIPCIÓN FÍSICA |
| Extensión |
xxxiv, 659 p. : |
| Otras características físicas |
ilustraciones ; |
| Dimensiones |
26 cm. |
| 505 0# - NOTA DE CONTENIDO CON FORMATO |
| Nota de contenido con formato |
Precedentes del encuentro -- |
| Título |
Del proyecto de Colón a las capitulaciones de Santa Fe -- |
| -- |
El encuentro de dos mundos -- |
| -- |
La conquista de la isla española -- |
| -- |
Se inicia desgracia de Colón -- |
| -- |
Gobierno del Virrey Diego Colón -- |
| -- |
Gobierno de los padres Jerónimos -- |
| -- |
Los problemas religiosos, económicos y políticos de la esclavitud y la encomienda de los aborigenes -- |
| -- |
Regresa al gobierno Diego Colón -- |
| -- |
Esclavitud y azucar -- |
| -- |
Gobierno del Obispo Ramírez de Fuenleal -- |
| -- |
Leyes nuevas desatan conflictos. Corsarios inician ataques -- |
| -- |
El decaimiento económico y social en el Siglo XVII -- |
| -- |
Nueva guerra entre España e Inglaterra desata el corso y la piratería a principios del Siglo XVIII -- |
| -- |
La situacin económica, social y política de la colonia francesa -- |
| -- |
Los conflictos derivados del Tratado de Basilea -- |
| -- |
Consecuencias políticas, sociales y económicas derivadas de la unificación de la isla -- |
| -- |
Del período de la España Boba -- |
| -- |
Período de integración con Haití -- |
| -- |
Duarte y las luchas sociales y políticas por la independencia nacional -- |
| -- |
La situación económica y social: 1844-1850 -- |
| -- |
Lucha entre Pedro Santana y Buenaventura Báez. La anexión -- |
| -- |
Hacia la guerra de la restauración -- |
| -- |
Se inicia la Segunda República -- |
| -- |
Los gobiernos liberales del partido azul y la situacin económica y social -- Hacia la consolidación de la hegemonía norteamericana -- |
| -- |
El regimen dictatorial de Cáceres -- |
| -- |
De la monarquía a la intervencin militar norteamericana -- |
| -- |
La intervención militar americana -- |
| -- |
Gobierno de Horacio Vásquez -- |
| -- |
La era de Trujillo -- |
| -- |
Trujillo y las empresas azucareras -- |
| -- |
Se inicia la crisis de la dictadura -- |
| -- |
La invasión del 14 de junio y sus consecuencias -- |
| -- |
Gobierno del consejo de Estado -- |
| -- |
El gobierno del profesor Juan Bosch -- |
| -- |
El triunvirato. |
| 590 ## - NOTA LOCAL (RLIN) |
| Nota local |
Inventariado, 2023/BT |
| 651 #4 - PUNTO DE ACCESO ADICIONAL DE MATERIA--NOMBRE GEOGRÁFICO |
| Nombre geográfico |
República Dominicana |
| Subdivisión general |
Historia |
| 9 (RLIN) |
170 |
| 910 ## - DATOS DE OPCIÓN DEL USUARIO (OCLC) |
| Datos de opción del usuario |
Validado. Control de calidad MFF |
| 942 ## - ELEMENTOS DE PUNTO DE ACCESO ADICIONAL (KOHA) |
| Fuente del sistema de clasificación o colocación |
Dewey Decimal Classification |
| Tipo de ítem Koha |
Libro |